Черная луна: [роман]
| Autore principale: | |
|---|---|
| Riassunto: | Канун президентских выборов. В городе, под которым в любой миг может развернуться огненная бездна, закручивается дьявольская интрига, захватывающая в свой водоворот политиков, агентов силовых организаций, сатанистов и посланцев тайных лож. Для одних это время сделок, для других — переоценки прошлого, а для посвященных — время Дикой Охоты. Главный герой Максим Максимов, член тайного военного Ордена, возвращается к жизни, чтобы снова вступить в бескомпромиссную и беспощадную битву со Злом. Роман | изобилует малоизвестными фактами деятельности спецслужб, мистическими откровениями и магическими формулами, которые по прочтении желательно забыть раз и навсегда. |
| Lingua: | russo |
| Pubblicazione: |
Москва, ОЛМА Медиа Групп, 2007
|
| Serie: | Супер-фэнтези |
| Soggetti: | |
| Natura: | MixedMaterials Libro |
| KOHA link: | https://koha.lib.tpu.ru/cgi-bin/koha/opac-detail.pl?biblionumber=150017 |
MARC
| LEADER | 00000nam0a2200000 4500 | ||
|---|---|---|---|
| 001 | 150017 | ||
| 005 | 20231031150059.0 | ||
| 010 | |a 9785373011266 | ||
| 035 | |a (RuTPU)RU\TPU\book\162628 | ||
| 090 | |a 150017 | ||
| 100 | |a 20081224d2007 m y0rusy50 ca | ||
| 101 | 0 | |a rus | |
| 102 | |a RU | ||
| 105 | |a y z 000ay | ||
| 200 | 1 | |a Черная луна |e [роман] |f О. Г. Маркеев | |
| 210 | |a Москва |c ОЛМА Медиа Групп |d 2007 | ||
| 215 | |a 624 с. | ||
| 225 | 1 | |a Супер-фэнтези | |
| 330 | |a Канун президентских выборов. В городе, под которым в любой миг может развернуться огненная бездна, закручивается дьявольская интрига, захватывающая в свой водоворот политиков, агентов силовых организаций, сатанистов и посланцев тайных лож. Для одних это время сделок, для других — переоценки прошлого, а для посвященных — время Дикой Охоты. Главный герой Максим Максимов, член тайного военного Ордена, возвращается к жизни, чтобы снова вступить в бескомпромиссную и беспощадную битву со Злом. Роман | изобилует малоизвестными фактами деятельности спецслужб, мистическими откровениями и магическими формулами, которые по прочтении желательно забыть раз и навсегда. | ||
| 610 | 1 | |a русская литература | |
| 610 | 1 | |a романы | |
| 610 | 1 | |a боевики | |
| 610 | 1 | |a фэнтези | |
| 675 | |a Р2 |v 3 | ||
| 700 | 1 | |a Маркеев |b О. Г. |g Олег Георгиевич | |
| 801 | 1 | |a RU |b 63413507 |c 20081224 |g PSBO | |
| 801 | 2 | |a RU |b 63413507 |c 20090111 |g PSBO | |
| 942 | |c BK | ||